02239cam a22001938i 4500999001700000020001800017082001700035100003200052245008900084250001700173260003400190300001500224504005100239505048400290520110300774650002901877942001201906952012701918 c37645d37645 a978103202304500a306.6bELL-I1 aEller, Jack David,eauthor.10aIntroducing anthropology of religion :bculture to the ultimate /cJack David Eller. a3rd Edition. aNew York :bRoutledge,c2022. axii, 347p. aIncludes bibliographical references and index.0 aStudying religion anthropologically : definitions and theories -- Beliefs, beings, and bodies -- Symbols, specialists, and substance -- Religious language : words of truth, words of power -- Ritual : religion in action -- Religion and morality : forming society, transforming self -- Religion, medicine, and wellness -- Religious change and new religious movements -- Translocal or "world" religions -- Religious fundamentalism -- Religious violence -- Secularism and irreligion. a"This clear and engaging guide introduces students to key areas of the field and shows how to apply an anthropological approach to the study of religion in the contemporary world. Written by an experienced teacher, it covers major traditional topics including definitions, theories and beliefs as well as symbols, myth and ritual. The book also explores important but often overlooked issues such as morality, violence, fundamentalism, secularization, and new religious movements. The chapters all contain lively case studies of religions practiced around the world. The third edition of Introducing Anthropology of Religion is fully updated and contains additional content on material religion, visual religion, and affect theory and a new chapter takes a closer look at medical and health topics. The author encourages the reader to engage throughout with the unifying themes of race, gender and power, and how these themes are intertwined with anthropology of religion. Images, a glossary and questions for discussion are included and additional resources are provided via a companion website"-- 0aAnthropologyx religion. 2ddccBK 00104070aNASSDOCbNASSDOCd2023-03-16eOverseasg0.00l0o306.6 ELL-Ip53105r2023-04-25 00:00:00v0.00w2023-04-25yBK